Uruguay Copa América Squad - Statistics

General Stats
  • This quiz has been taken 63 times
  • The average score is 17 of 27
Answer Stats
# Position Player Name % Correct
9 FW Luis Suárez
100%
19 FW Darwin Nuñez
96%
15 MF Federico Valverde
88%
20 MF Maximiliano Araújo
87%
4 DF Ronald Araújo
87%
5 MF Manuel Ugarte
83%
2 DF José María Giménez
81%
11 FW Facundo Pellistri
77%
6 MF Rodrigo Bentancur
75%
25 FW Cristian Olivera
69%
10 MF Giorgian de Arrascaeta
69%
16 DF Mathías Olivera
69%
1 GK Sergio Rochet
67%
- Coach Marcelo Bielsa
62%
3 DF Sebastián Cáceres
62%
17 DF Matías Viña
58%
7 MF Nicolás de la Cruz
58%
8 MF Nahitan Nández
54%
18 FW Brian Rodríguez
46%
13 DF Guillermo Varela
46%
14 FW Agustín Canobbio
42%
23 GK Franco Israel
40%
12 GK Santiago Mele
38%
21 MF Emiliano Martínez
33%
26 FW Brian Ocampo
27%
24 DF Lucas Olaza
21%
22 DF Nicolás Marichal
15%
No matching quizzes found
Score Distribution
Percent of People with Each Score
Percentile by Number Answered
Your Score History
You have not taken this quiz